ÇOĞU İNSAN İYİDİR YENİ BİR İNSANLIK TARİHİ (Record no. 1116092)

MARC details
000 -LEADER
sabit uzunluktaki kontrol alanı 00287nam a2200097Ia 4500
001 - KONTROL NUMARASI
kontrol alanı 1116092
005 - EN SON İŞLEMİN TARİH VE ZAMANI
kontrol alanı 20250827004039.0
008 - SABİT-UZUNLUKTA VERİ ÖĞELERİ--GENEL BİLGİ
sabit uzunluktaki kontrol alanı 250824s9999 xx 000 0 und d
245 #0 - ESER / YAZAR
ESER ADI ÇOĞU İNSAN İYİDİR YENİ BİR İNSANLIK TARİHİ
Yazar Adı RUTGER BREGMAN
260 ## - YAYIN, DAĞITIM, VB.
YAYIN EVİ MUNDİ KİTAP YAYINLARI
Holdings
Düşüm durumu Kayıp durumu Hasar Durumu Ödünç verilmez Ana kütüphane Geçerli Kütüphane Edinilen tarih Toplam ödünç verme sayısı Barkod Son görüntüleme tarihi Son ödünç verme tarihi Fiyatın geçerli olmaya başladığı tarih Koha materyal türü
        DURSUN FAKİH ANADOLU LİSESİ DURSUN FAKİH ANADOLU LİSESİ 24.08.2025 2 10873924 03.12.2025 29.09.2025 27.08.2025 Books